The Third Circle / (Record no. 31075)

MARC details
000 -LEADER
fixed length control field 01107pam a2200337 a 4500
001 - CONTROL NUMBER
control field zswift b1143328
003 - CONTROL NUMBER IDENTIFIER
control field OSt
005 - DATE AND TIME OF LATEST TRANSACTION
control field 20250902011711.0
008 - FIXED-LENGTH DATA ELEMENTS--GENERAL INFORMATION
fixed length control field 071029s2008 nyu 000 1 eng
010 ## - LIBRARY OF CONGRESS CONTROL NUMBER
LC control number 2007044774
020 ## - INTERNATIONAL STANDARD BOOK NUMBER
International Standard Book Number 9780399154843
040 ## - CATALOGING SOURCE
Original cataloging agency DLC
Transcribing agency DLC
043 ## - GEOGRAPHIC AREA CODE
Geographic area code e-uk-en
100 1# - MAIN ENTRY--PERSONAL NAME
Personal name Quick, Amanda.
245 14 - TITLE STATEMENT
Title The Third Circle /
Statement of responsibility, etc. Amanda Quick.
260 ## - PUBLICATION, DISTRIBUTION, ETC. (IMPRINT)
Place of publication, distribution, etc. New York :
Name of publisher, distributor, etc. G.P. Putnam's Sons,
Date of publication, distribution, etc. c2008.
300 ## - PHYSICAL DESCRIPTION
Extent 342 p. ;
Dimensions 24 cm.
490 1# - SERIES STATEMENT
Series statement An Arcane society novel.
520 0# - SUMMARY, ETC.
Summary, etc. Leona Hewitt encounters Arcane Society member and mesmerist Thaddeus Ware when they both try to recover a relic from a private museum.
650 #0 - SUBJECT ADDED ENTRY--TOPICAL TERM
Topical term or geographic name as entry element Arcane Society (Imaginary organization)
Form subdivision Fiction.
650 #0 - SUBJECT ADDED ENTRY--TOPICAL TERM
Topical term or geographic name as entry element Relics
Form subdivision Fiction.
650 #0 - SUBJECT ADDED ENTRY--TOPICAL TERM
Topical term or geographic name as entry element Hypnotists
Form subdivision Fiction.
650 #0 - SUBJECT ADDED ENTRY--TOPICAL TERM
Topical term or geographic name as entry element Secret societies
Geographic subdivision England
Form subdivision Fiction.
655 #7 - INDEX TERM--GENRE/FORM
Genre/form data or focus term Thrillers (Fiction)
Source of term lcgft.
655 #7 - INDEX TERM--GENRE/FORM
Genre/form data or focus term Romance fiction.
Source of term lcgft.
655 #7 - INDEX TERM--GENRE/FORM
Genre/form data or focus term Historical fiction.
Source of term lcgft.
800 1# - SERIES ADDED ENTRY--PERSONAL NAME
Personal name Quick, Amanda.
Title of a work Arcane Society novel.
830 #0 - SERIES ADDED ENTRY--UNIFORM TITLE
Uniform title Arcane Society novel.
907 ## - LOCAL DATA ELEMENT G, LDG (RLIN)
a .b282786922
942 ## - ADDED ENTRY ELEMENTS (KOHA)
Koha item type Libro/Book
Holdings
Withdrawn status Lost status Damaged status Not for loan Home library Current library Date acquired Total Checkouts Full call number Barcode Date last seen Price effective from Koha item type
        San Juan Del Sur -- Biblioteca San Juan Del Sur -- Biblioteca 02/09/2025   F 30023311 02/09/2025 02/09/2025 Libro/Book

Powered by Koha